| 000 | 00533nam a2200229Ia 4500 | ||
|---|---|---|---|
| 005 | 20250425161938.0 | ||
| 008 | 250425s9999 xx 000 0 und d | ||
| 020 | _a8428309817 | ||
| 041 | _aspa | ||
| 082 | _a682.4 | ||
| 100 | _aCAPDEFER, ANDRE | ||
| 245 | 0 | _aCERRAJERIA ARTISTICA: BALCONES Y BALAUSTRADAS | |
| 250 | _a2A ED. | ||
| 260 |
_aEspaƱa _bPARANINFO _c1981 |
||
| 260 | _aMADRID | ||
| 300 | _a51 | ||
| 650 | _aBALCONES | ||
| 650 | _aCERRAJERIA | ||
| 650 | _aPIEZAS FORJADAS | ||
| 942 | _c01 | ||
| 010 | _a36105 | ||
| 999 |
_c219378 _d219378 |
||